Legislación para la gente de mar. Recopilación de las disposiciones vigentes sobre enganche, sueldo, beneficios, trasbordos, ascensos, licencias, castigos, retiro y montepío para el personal de tripulación de la Marina de Guerra
Guardat en:
| Autor principal: | |
|---|---|
| Format: | Llibre |
| Idioma: | espanyol |
| Publicat: |
Valparaíso
De la Armada
1925
|
| Matèries: | |
| Etiquetes: |
Afegir etiqueta
Sense etiquetes, Sigues el primer a etiquetar aquest registre!
|
MARC
| LEADER | 00000nam a2200000 a 4500 | ||
|---|---|---|---|
| 001 | UCR4313 | ||
| 003 | CL-VaPUC | ||
| 008 | 980307e19250000CL |||||||||||||||||spa|d | ||
| 082 | 0 | 4 | |a 343.096 |b MAR |2 21 |
| 100 | |a Marques Barnard, Joaquín |e autor |9 404205 | ||
| 245 | 1 | 0 | |a Legislación para la gente de mar. Recopilación de las disposiciones vigentes sobre enganche, sueldo, beneficios, trasbordos, ascensos, licencias, castigos, retiro y montepío para el personal de tripulación de la Marina de Guerra |
| 300 | |a 376 p | ||
| 942 | |c BK | ||
| 945 | |d 19980307 00:00:00 |a crobeson | ||
| 260 | |a Valparaíso |b De la Armada |c 1925 | ||
| 600 | 0 | |a Armada de Chile |9 340497 | |
| 650 | 0 | |a Derecho marítimo |9 255301 | |
| 650 | 0 | |a Leyes |9 256670 | |
| 650 | 7 | |a LEGISLACION |2 CL-VaPUC |9 404206 | |
| 651 | 7 | |a CHILE |2 CL-VaPUC |9 404207 | |
| 583 | |a last modification |c 19980307 00:00:00 |k Rodrigo Vera | ||
| 999 | |c 267259 |d 267257 | ||
| 952 | |0 0 |1 0 |4 0 |6 343_096000000000000_MAR_1925 |7 0 |8 X |9 299523 |a BIBDER |b BIBDER |d 2019-11-20 |i 1949497 |o 343.096 MAR 1925 |p 1949497 |r 2023-01-25 |w 2019-11-20 |y BK_X |k DER | ||